Cultivating political and public identity : (Record no. 92663)

MARC details
000 -LEADER
fixed length control field 02014nam a2200229Ii 4500
008 - FIXED-LENGTH DATA ELEMENTS--GENERAL INFORMATION
fixed length control field 221202s xx 000 0 und d
100 1# - MAIN ENTRY--PERSONAL NAME
Personal name Barker, Rodney,
Relator term author
245 #0 - TITLE STATEMENT
Title Cultivating political and public identity :
Remainder of title Why plumage matters
264 ## - PRODUCTION, PUBLICATION, DISTRIBUTION, MANUFACTURE, AND COPYRIGHT NOTICE
Name of producer, publisher, distributor, manufacturer Manchester University Press
Date of production, publication, distribution, manufacture, or copyright notice 2017
300 ## - PHYSICAL DESCRIPTION
Extent 1 online resource (272 pages)
336 ## - CONTENT TYPE
Content type term text
Content type code txt
Source rdacontent
337 ## - MEDIA TYPE
Media type term computer
Media type code c
Source rdamedia
338 ## - CARRIER TYPE
Carrier type term online resource
Carrier type code cr
Source rdacarrier
520 ## - SUMMARY, ETC.
Summary, etc. Throughout the twentieth century, everyone from Marxists to economic individualists assumed that social and political activity was driven by the rational pursuit of material gain. Today, the fundamental importance of the cultivation and preservation of identity is finally re-emerging. In this book, Rodney Barker explores the rich fabric of speech, dress, diet and the built environment from which human identity is made. The colour of a scarf or the accent of a conversation can unite people or divide them, and the smallest detail can play its part in signalling who are allies and who are enemies. Identity simultaneously generates equality and inequality : it is both the engine of public life and the cause of its confusion and conflict : and a better understanding of its subtleties is crucial if we are to confront the tensions that it produces in society. Synthesising methods and ideas from numerous disciplines : including history, political science, anthropology, law and sociology : Barker presents a picture of human life as more than just a collection of material interests. His ultimate aim is to show that no human activity is trivial or meaningless, that everything counts and plumage matters.
653 ## - INDEX TERM--UNCONTROLLED
Uncontrolled term Citizenship
653 ## - INDEX TERM--UNCONTROLLED
Uncontrolled term Community
653 ## - INDEX TERM--UNCONTROLLED
Uncontrolled term Identity Politics
653 ## - INDEX TERM--UNCONTROLLED
Uncontrolled term Politics
653 ## - INDEX TERM--UNCONTROLLED
Uncontrolled term Speech
856 ## - ELECTRONIC LOCATION AND ACCESS
Uniform Resource Identifier <a href="https://docs.google.com/spreadsheets/d/1yKIrdCPDAG_9c22mwoOIO2DOhtj65Wqa/edit?usp=sharing&ouid=106555315294820607512&rtpof=true&sd=true ">https://docs.google.com/spreadsheets/d/1yKIrdCPDAG_9c22mwoOIO2DOhtj65Wqa/edit?usp=sharing&ouid=106555315294820607512&rtpof=true&sd=true </a>
Link text List of Curated E-Books
942 ## - ADDED ENTRY ELEMENTS (KOHA)
Koha item type E-Book

No items available.

University of Rizal System
Email us at univlibservices@urs.edu.ph

Visit our Website www.urs.edu.ph/library